LEADER 03447oam 2200661 450 001 9910140295703321 005 20230803195056.0 010 $a1-61499-377-7 035 $a(CKB)2670000000517644 035 $a(SSID)ssj0001294087 035 $a(PQKBManifestationID)12565969 035 $a(PQKBTitleCode)TC0001294087 035 $a(PQKBWorkID)11330588 035 $a(PQKB)11765211 035 $a(MiAaPQ)EBC5161933 035 $a(OCoLC)872099330 035 $a(oapen)https://directory.doabooks.org/handle/20.500.12854/55508 035 $a(EXLCZ)992670000000517644 100 $a20180113h20142014 uy 0 101 0 $aeng 135 $aurcn#|||||||| 181 $ctxt$2rdacontent 182 $cc$2rdamedia 183 $acr$2rdacarrier 200 10$aOur car as power plant /$fAd Van Wijk & Leendert Verhoef 210 $cIOS Press$d2014 210 1$aAmsterdam, The Netherlands :$cIOS Press,$d2014. 210 4$dİ2014 215 $a1 online resource (108 pages) $cillustrations 300 $aBibliographic Level Mode of Issuance: Monograph 311 $a1-61499-376-9 320 $aIncludes bibliographical references. 330 $aFuel cell cars can provide more efficient and cleaner transportation. However, we use our cars for transportation only 5% of the time. When parked, the fuel cell in the car can produce electricity from hydrogen, which is cleaner and more efficient than the current electricity system, generating useful ?waste? products in the form of heat and fresh water. The produced electricity, heat and fresh water can be fed into the respective grids or be used directly in our house, office or the school of our kids. The required hydrogen can be produced from gas (natural gas, biogas) or electricity (hydro, wind, solar, etc.). In the end, these fuel cell cars can replace all power plants worldwide. As a result, the ?car as power plant? can create an integrated, efficient, reliable, flexible, clean, smart and personalized transport, energy and water system: a real paradigm shift. The ?Car as Power Plant? is developed at Delft Technical University, in The Green Village: a sustainable, lively and entrepreneurial environment where we discover, learn and show how to solve society?s urgent challenges. The Green Village unifies clever, imaginative strengths of scientists and entrepreneurs and turns ideas and visions into experiences and commercially viable products and services. Innovative power that sets horizons for a new, sustainable, green and circular economy. 606 $aRenewable energy sources 606 $aAutomobiles$xTechnological innovations 606 $aAutomobiles$xDesign and construction 606 $aAutomobiles$xEnvironmental aspects 610 $arenewable energy 610 $aThe Green Village 610 $aDelft University of Technology 610 $aTU Delft 610 $afuel cell cars 610 $asustainability 615 0$aRenewable energy sources. 615 0$aAutomobiles$xTechnological innovations. 615 0$aAutomobiles$xDesign and construction. 615 0$aAutomobiles$xEnvironmental aspects. 676 $a333.794 700 $aWijk$b Ad van$0882490 702 $aVerhoef$b Leendert 801 0$bMiAaPQ 801 1$bMiAaPQ 801 2$bMiAaPQ 801 2$bUkMaJRU 906 $aBOOK 912 $a9910140295703321 996 $aOur car as power plant$91971065 997 $aUNINA